ا نشا ءيہ شنا سی (Record no. 167742)

MARC details
000 -LEADER
fixed length control field 00656nam a22001937a 4500
005 - DATE AND TIME OF LATEST TRANSACTION
control field 20190918123706.0
010 ## - LCCN (DPL NO)
LC control number UR-10473
020 ## - INTERNATIONAL STANDARD BOOK NUMBER
Terms of availability 133.00
International Standard Book Number -
035 ## - SYSTEM CONTROL NUMBER
System control number U-9028
037 ## - SOURCE OF ACQUISITION
Source of stock number/acquisition DBAD/PUB
Stock number 9789353009793
082 ## - DEWEY DECIMAL CLASSIFICATION NUMBER
Classification number 840.08
100 ## - MAIN ENTRY--PERSONAL NAME
Personal name مر تبہ:محمد ا سد اللہ
245 ## - TITLE STATEMENT
Title ا نشا ءيہ شنا سی
Statement of responsibility, etc مر تبہ:محمد ا سد اللہ
246 ## - VARYING FORM OF TITLE
Remainder of title Inshaiya Shanasi Urdu)
Title proper/short title Muhammd Asadullah
260 ## - PUBLICATION, DISTRIBUTION, ETC. (IMPRINT)
Place of publication, distribution, etc Nagpur
Name of publisher, distributor, etc Muhmmad Asad Ullah
Date of publication, distribution, etc 2019ء
270 ## - ADDRESS
Address 30,Gulistan Colony,JafirNagar,
City Nagpur
Postal code 440013
Telephone number 919579591149
Fax number -
300 ## - PHYSICAL DESCRIPTION
Extent 240ص
Dimensions 22 Cm(Hb)
942 ## - ADDED ENTRY ELEMENTS (KOHA)
Source of classification or shelving scheme Dewey Decimal Classification
Item type Urdu Bks
Classification part 840.08
Call number suffix م ح م
Holdings
Withdrawn status Lost status Not for loan Collection code Home library Current library Date acquired Source of acquisition Cost, normal purchase price Full call number Barcode Copy number Cost, replacement price Koha item type
    Not For Loan Non-fiction D.B.Act.Division D.B.Act.Division 18/09/2019 DBAD/PUB 133.00 840.08 م ح م U-9028 1 133.00 Urdu Bks

© Delhi Public Library
Hit Counter
free hit counter